000 00645nam a2200217 i 4500
001 71241
003 ES-MaACL
005 20231103062529.0
007 t|
008 040806s1934 sp |||| | spa d
080 _a944"1789/99"
100 1 _aGaxotte, Pierre.
_956097
245 1 3 _aLa Revolución Francesa /
_cpor Pierre Gaxotte.
250 _a1ª ed.
260 _aMadrid :
_b[Fax],
_c1934 (
_fAldecoa)
300 _a377 p. ;
_c20 cm.
651 4 _aFrancia-
_xHistoria-
_y1789-1799, Revolución
_98685
852 _aES-MaACL
_jF-15623
852 _aES-MaACL
_jL-31616
_z- Enc. hol.
_z. - Donat. Carmen Zumárraga
999 _c71241
_d71241